Statistics for Spongebob Characters

Click here to take the quiz!

General Stats

  • This quiz has been taken 21 times
  • The average score is 16 of 22

Answer Stats

Hint Answer % Correct
Main characterSpongebob Squarepants
95%
Owner of the krusty krabEugene H. Krabs
95%
Grochy NeiborSquidward Tentacles
95%
Main characters best friendPatrick Star
95%
Tries to steal the krabby patty secret formulaSheldon J. Plankton
90%
Science SquirrelSandy Cheeks
90%
Main characters petGary the snail
90%
Wife of aboveKaren Plankton
85%
Daughter of abovePearl Krabs
85%
Old super heroMermaid Man
80%
Squidwards RivalSquilliam Fancyson
80%
boating instructerMrs. Puff
80%
Life guardLarry The Lobster
75%
Sidekick of aboveBarnacle Boy
70%
Archenemy of super hero'sThe Dirty Bubble
70%
Archenemy of super hero'sMan Ray
65%
Pirate ghostThe Flying Dutchman
60%
King of the seaNeptune
60%
Presedent of the Spongebob fanclubPatchy the Pirate
50%
Pet of abovePotty the Parrot
50%
Old manJenkins
25%
BullyFlats the flounder
20%

Score Distribution

Percentile by Number Answered

Percent of People with Each Score

Your Score History

You have not taken this quiz